Ventura Highway lyrics - Statistics

General Stats
  • This quiz has been taken 15 times
  • The average score is 128 of 179
Answer Stats
Lyrics % Correct
a
100%
Highway,
100%
Highway
100%
I
100%
in
100%
the
100%
The
100%
Ventura
100%
you
100%
You
100%
your
100%
are
92%
days
92%
di
92%
Did
92%
dit
92%
long
92%
moonshine
92%
nights
92%
sunshine
92%
than
92%
go
83%
gonna
83%
longer
83%
of
83%
stronger
83%
Where
83%
air,
75%
air
75%
And
75%
blowin'
75%
hair
75%
is
75%
Joe?
75%
Joe,
75%
know
75%
on
75%
on,
75%
through
75%
free
67%
here,
67%
how
67%
stay
67%
surround
67%
there
67%
wind
67%
You're
67%
Chewing
58%
down
58%
just
58%
lot,
58%
piece
58%
Thanks
58%
always
50%
by
50%
'Cause
50%
grass
50%
I've
50%
lizards
50%
look
50%
me,
50%
name
50%
no
50%
road
50%
same
50%
this
50%
Alligator
42%
but
42%
can
42%
Change
42%
crying
42%
daylight
42%
despair
42%
don't
42%
good
42%
purple
42%
rain
42%
Seasons
42%
town
42%
Walkin'
42%
been
33%
care,
33%
come
33%
for
33%
hit
33%
say
33%
snow
33%
Some
33%
son,
33%
Sorry
33%
boy,
25%
early
25%
people
25%
star
25%
Tell
25%
train
25%
Wishin'
25%
Aw,
17%
fallin'
17%
Waitin'
17%
No matching quizzes found
Score Distribution
Percent of People with Each Score
Percentile by Number Answered
Your Score History
You have not taken this quiz